000 00707cam a22002531 4500
001 sa 68001173
003 DLC
005 20260227112431.0
008 710903s1967 ii k 000 0 eng
010 _asa 68001173
025 _aPL480:I-E-9029
040 _aDLC
_cDLC
_dDLC
043 _aa-ii---
050 0 0 _aKNS2784
_b1967
082 0 0 _a340
110 1 _aIndia (Republic).
_kLaws, statutes, etc.
245 1 0 _aHandbook of taxation laws of India,
_cby P. L. Malik.
250 _a5th ed.
260 _aLucknow,
_bEastern Book Co.,
_c1967.
300 _a1 v. (various pagings)
_bforms.
_c25 cm.
350 _aRs35
650 0 _aTaxation
_xLaw and legislation
_zIndia.
700 1 _aMalik, P. L.,
_eed.
999 _c77769
_d77769